000 00357nam a2200133Ia 4500
008 151001s9999||||xx |||||||||||||| ||und||
100 _aनिर्मिती शिबीर बालवाडमय
245 _aउगवती
250 _a1
260 _bशरदचंद्र टोंगो
260 _c1960
300 _a28
365 _b7
999 _c952891
_d952888